| 000 | 00815nam a2200229Ia 4500 | ||
|---|---|---|---|
| 005 | 20250108125149.0 | ||
| 008 | 008 250107s9999 xx 000 0 hin d | ||
| 020 | _a978-01-434-2282-2 | ||
| 037 | _aTB | ||
| 040 |
_aCRL _bhin _cCRL |
||
| 041 |
_ahin _2hin |
||
| 084 | _aΔ P3.1-.16(RR) | ||
| 084 | _qCRL | ||
| 100 | _aनवनीत आचार्य, ले. | ||
| 245 | 0 |
_aहिन्दी साहित्य चिंतन: परंपरा और वर्तमान _cनवनीत आचार्य, ले. |
|
| 260 |
_aकोलकाता, भारत _bमानव प्रकाशन _c3512 |
||
| 300 | _a160पृ0 | ||
| 365 |
_aINR _b4760 |
||
| 650 | _aहिन्दी साहित्य | ||
| 942 |
_cTB _hΔ P3.1-.16(RR) |
||
| 999 |
_c1235900 _d1235900 |
||